[Event "16. Torneo San Viator - Grupo B"]
[Site "Madrid ESP"]
[Date "2016.04.03"]
[Round "1.1"]
[White "Gaite Gomez, Alejandro"]
[Black "Serrano Gonzalez, Oscar"]
[Result "1/2-1/2"]
[WhiteElo "1502"]
[BlackElo "1727"]
[PlyCount "53"]
[EventDate "2016.04.03"]
[EventType "swiss"]
[EventRounds "9"]
[EventCountry "ESP"]
[Source "lmi"]
[SourceDate "2016.04.03"]

1. f4 Nf6 2. Nf3 d5 3. e3 Bg4 4. b3 Nbd7 5. Bb2 e6 6. Be2 Bd6 7. O-O Qe7 8. Ne5
Bxe2 9. Qxe2 O-O-O 10. a4 h5 11. Na3 c6 12. c4 Nc5 13. Qd1 Ng4 14. Nxg4 hxg4
15. g3 Rh7 16. Qc2 Rdh8 17. Rf2 Ne4 18. Rg2 Bc5 19. Nb1 Rh3 20. Nc3 Nf6 21. Nd1
Rg8 22. d4 Bb4 23. Nf2 Rh5 24. c5 g5 25. Nd3 Ba5 26. b4 Bc7 27. Re1 1/2-1/2

[Event "16. Torneo San Viator - Grupo B"]
[Site "Madrid ESP"]
[Date "2016.04.03"]
[Round "1.2"]
[White "San Felipe Gonzalez, Tomas"]
[Black "Suarez Arellano, Jorge"]
[Result "0-1"]
[WhiteElo "1723"]
[BlackElo "1498"]
[PlyCount "74"]
[EventDate "2016.04.03"]
[EventType "swiss"]
[EventRounds "9"]
[EventCountry "ESP"]
[Source "lmi"]
[SourceDate "2016.04.03"]

1. d4 Nf6 2. Nf3 g6 3. Bg5 Ne4 4. Bf4 Bg7 5. e3 d6 6. Bd3 Nf6 7. Nc3 O-O 8. h3
Nc6 9. O-O Nh5 10. Bg5 h6 11. Bh4 Nf6 12. a3 Nh7 13. Bg3 f5 14. Re1 e5 15. dxe5
dxe5 16. e4 f4 17. Bh2 Be6 18. Nd2 Nd4 19. f3 Qg5 20. Kh1 Nf6 21. Bc4 Bxc4 22.
Nxc4 b5 23. Nd2 Rad8 24. Qc1 Qh4 25. Bg1 c6 26. Ne2 Nh5 27. Nf1 Nxf3 28. gxf3
Qxh3+ 29. Nh2 Ng3+ 30. Nxg3 fxg3 31. Re2 gxh2 32. Bxa7 Qxf3+ 33. Rg2 Qxe4 34.
c3 Rf5 35. Bc5 Rd3 36. Kxh2 Qh4+ 37. Kg1 Rh3 0-1

[Event "16. Torneo San Viator - Grupo B"]
[Site "Madrid ESP"]
[Date "2016.04.03"]
[Round "1.3"]
[White "Garcia Cuadrado, Raul"]
[Black "Franco Rincon, David"]
[Result "0-1"]
[WhiteElo "1494"]
[BlackElo "1721"]
[PlyCount "92"]
[EventDate "2016.04.03"]
[EventType "swiss"]
[EventRounds "9"]
[EventCountry "ESP"]
[Source "lmi"]
[SourceDate "2016.04.03"]

1. d4 d5 2. Bf4 Nf6 3. e3 c6 4. h3 Bf5 5. Bd3 Bxd3 6. Qxd3 e6 7. Nf3 Nbd7 8.
O-O Be7 9. c4 O-O 10. c5 h6 11. b4 a6 12. Nc3 Re8 13. Rfe1 Nf8 14. Ne5 N6d7 15.
Rad1 Nxe5 16. dxe5 Ng6 17. Bh2 Bh4 18. e4 Qd7 19. Bg3 Bg5 20. exd5 exd5 21. Na4
Rad8 22. Qd4 Qf5 23. h4 Bf4 24. Bxf4 Nxf4 25. Nc3 Ng6 26. a4 Nxe5 27. Re3 Nc4
28. Rf3 Qe5 29. b5 axb5 30. axb5 Qxd4 31. Rxd4 Re1+ 32. Kh2 Rde8 33. bxc6 bxc6
34. Nd1 R8e4 35. Rfd3 Ne5 36. Rd2 R1e2 37. Ne3 Rxd2 38. Rxd2 Rxh4+ 39. Kg1 Nc4
40. Rc2 Nxe3 41. fxe3 Kf8 42. g3 Rb4 43. Kf2 Ke7 44. Ke2 Ke6 45. Kf2 Ke5 46.
Kf3 f5 0-1

[Event "16. Torneo San Viator - Grupo B"]
[Site "Madrid ESP"]
[Date "2016.04.03"]
[Round "1.4"]
[White "Iriarte Gomez, Enrique"]
[Black "Barrios Cardona, Jose"]
[Result "1-0"]
[WhiteElo "1720"]
[BlackElo "1493"]
[PlyCount "65"]
[EventDate "2016.04.03"]
[EventType "swiss"]
[EventRounds "9"]
[EventCountry "ESP"]
[Source "lmi"]
[SourceDate "2016.04.03"]

1. e4 e5 2. Nf3 Nc6 3. d4 exd4 4. Bc4 Be7 5. c3 Nf6 6. e5 Nd5 7. Bxd5 d6 8. Bf4
Nxe5 9. Nxd4 c5 10. Ne2 O-O 11. O-O Qb6 12. Qc2 Be6 13. Bxe6 fxe6 14. Bxe5 dxe5
15. Nd2 Bf6 16. Ne4 Be7 17. Rad1 c4 18. Rd7 Rf7 19. Rfd1 Raf8 20. N2g3 h6 21.
Qe2 Bc5 22. Rxf7 Rxf7 23. Nxc5 Qxc5 24. Ne4 Qc6 25. Rd6 Qc7 26. Rxe6 b5 27. Qh5
Re7 28. Qg6 Qd7 29. Rd6 Qc7 30. Nf6+ Kf8 31. Nd5 Re6 32. Qxe6 Qf7 33. Rd8+ 1-0

[Event "16. Torneo San Viator - Grupo B"]
[Site "Madrid ESP"]
[Date "2016.04.03"]
[Round "1.5"]
[White "Ruperez Benito, Paula"]
[Black "Guerrero Gonzalez, Francisco"]
[Result "0-1"]
[WhiteElo "1478"]
[BlackElo "1699"]
[PlyCount "60"]
[EventDate "2016.04.03"]
[EventType "swiss"]
[EventRounds "9"]
[EventCountry "ESP"]
[Source "lmi"]
[SourceDate "2016.04.03"]

1. e4 d5 2. exd5 Qxd5 3. Nc3 Qa5 4. d4 Nf6 5. Nf3 Bg4 6. h3 Bh5 7. g4 Bg6 8.
Bd2 e6 9. Bg2 Nbd7 10. Qe2 c6 11. O-O-O Be7 12. Kb1 Qc7 13. Ne5 Nxe5 14. dxe5
Nd5 15. Bxd5 cxd5 16. Bf4 a6 17. Bg3 b5 18. a3 b4 19. axb4 Bxb4 20. Qe3 Rb8 21.
Kc1 O-O 22. f4 Qa5 23. Kd2 d4 24. Qf3 dxc3+ 25. bxc3 Bxc3+ 26. Qxc3 Rfd8+ 27.
Ke2 Qxc3 28. Bh4 Qxc2+ 29. Ke3 Rb3+ 30. Rd3 Rdxd3# 0-1

[Event "16. Torneo San Viator - Grupo B"]
[Site "Madrid ESP"]
[Date "2016.04.03"]
[Round "1.7"]
[White "Torrecillas Adan, Luis"]
[Black "Lopez Mijail, Nicolas"]
[Result "0-1"]
[WhiteElo "1474"]
[BlackElo "1675"]
[PlyCount "86"]
[EventDate "2016.04.03"]
[EventType "swiss"]
[EventRounds "9"]
[EventCountry "ESP"]
[Source "lmi"]
[SourceDate "2016.04.03"]

1. e4 c5 2. c4 d6 3. Nf3 Nf6 4. d3 Nc6 5. a3 g6 6. Nc3 Bg7 7. Be2 O-O 8. h3 a6
9. Qc2 Rb8 10. Be3 Ne8 11. O-O b5 12. cxb5 axb5 13. Nd5 e6 14. Nc3 Nc7 15. Qd2
Nd4 16. Nxd4 cxd4 17. Bh6 dxc3 18. bxc3 Bxh6 19. Qxh6 e5 20. Qe3 Ne6 21. Rfb1
Bd7 22. Bd1 Nf4 23. g4 Qh4 24. Kh2 Kh8 25. d4 f5 26. dxe5 dxe5 27. exf5 Rbe8
28. fxg6 hxg6 29. Qg3 Qxg3+ 30. Kxg3 g5 31. f3 Rc8 32. Rc1 Rf6 33. Ra2 Rh6 34.
Rh2 Rh4 35. Bb3 Kg7 36. c4 Be6 37. Bd1 bxc4 38. a4 Rch8 39. a5 Rxh3+ 40. Rxh3
Rxh3+ 41. Kf2 Rh2+ 42. Ke3 Ra2 43. Be2 Rxe2# 0-1

[Event "16. Torneo San Viator - Grupo B"]
[Site "Madrid ESP"]
[Date "2016.04.03"]
[Round "1.8"]
[White "Bellagamba, Pascal"]
[Black "Comeron Galan, Daniel"]
[Result "1-0"]
[WhiteElo "1671"]
[BlackElo "1468"]
[PlyCount "65"]
[EventDate "2016.04.03"]
[EventType "swiss"]
[EventRounds "9"]
[EventCountry "ESP"]
[Source "lmi"]
[SourceDate "2016.04.03"]

1. Nf3 Nf6 2. b3 d5 3. Bb2 e6 4. d3 c5 5. Nbd2 Nc6 6. g3 Bd6 7. Bg2 Qe7 8. e3
a6 9. a4 Bd7 10. O-O O-O 11. Re1 Bc7 12. e4 d4 13. Bc1 b5 14. Nb1 e5 15. Bg5
Qd8 16. Na3 Rb8 17. axb5 axb5 18. Nh4 h6 19. Bd2 Qc8 20. Nf5 Bxf5 21. exf5 Ne7
22. g4 Bd6 23. h3 c4 24. bxc4 Bxa3 25. Rxa3 bxc4 26. Rxe5 Re8 27. Ra7 Nfd5 28.
Rxd5 Nxd5 29. Bxd5 Rf8 30. Bxc4 Qc5 31. Ra1 Rfe8 32. Qf3 Qe5 33. Bf4 1-0

[Event "16. Torneo San Viator - Grupo B"]
[Site "Madrid ESP"]
[Date "2016.04.03"]
[Round "1.9"]
[White "Gonzalez Morente, Jose A"]
[Black "Sanchez Ortega, Ivan"]
[Result "0-1"]
[WhiteElo "1463"]
[BlackElo "1668"]
[PlyCount "70"]
[EventDate "2016.04.03"]
[EventType "swiss"]
[EventRounds "9"]
[EventCountry "ESP"]
[Source "lmi"]
[SourceDate "2016.04.03"]

1. d4 Nf6 2. c4 e5 3. dxe5 Ng4 4. Bf4 Nc6 5. Nf3 Bb4+ 6. Nbd2 Qe7 7. a3 Ngxe5
8. Nxe5 Nxe5 9. e3 Bd6 10. b4 Nxc4 11. Bxc4 Bxf4 12. O-O Be5 13. Rc1 O-O 14.
Nf3 Bf6 15. Bd3 c6 16. Qc2 g6 17. e4 d6 18. Rfe1 Bg4 19. Be2 Rfe8 20. Nd2 Bxe2
21. Rxe2 Rad8 22. Nf3 a6 23. Rce1 Be5 24. Re3 Rd7 25. Qc1 Bf4 26. Nd4 Bxe3 27.
Rxe3 Qe5 28. Ne2 Red8 29. Rh3 Qxe4 30. Ng3 Qe5 31. f4 Qd4+ 32. Kh1 f5 33. Ne2
Qf6 34. Ng1 Re8 35. Nf3 Rde7 0-1

[Event "16. Torneo San Viator - Grupo B"]
[Site "Madrid ESP"]
[Date "2016.04.03"]
[Round "1.10"]
[White "Benitez Cadenas, Luis Miguel"]
[Black "Jimenez Gallego, Rafael"]
[Result "1-0"]
[WhiteElo "1663"]
[BlackElo "1446"]
[PlyCount "43"]
[EventDate "2016.04.03"]
[EventType "swiss"]
[EventRounds "9"]
[EventCountry "ESP"]
[Source "lmi"]
[SourceDate "2016.04.03"]

1. d4 d5 2. Nf3 e6 3. g3 Nf6 4. Bg2 Be7 5. O-O Bd7 6. Nbd2 Nc6 7. c4 Na5 8. Qc2
b6 9. Re1 h6 10. e4 dxe4 11. Nxe4 Nxe4 12. Rxe4 Bc6 13. Re2 O-O 14. Bd2 Nb7 15.
d5 exd5 16. Ne5 Bd7 17. Bxd5 Rb8 18. Qg6 Qe8 19. Rae1 Kh8 20. Nxf7+ Rxf7 21.
Bxf7 Qd8 22. Rxe7 1-0

[Event "16. Torneo San Viator - Grupo B"]
[Site "Madrid ESP"]
[Date "2016.04.03"]
[Round "1.11"]
[White "Del Noval Perez, Jeronimo"]
[Black "Martinez Pintor, Juan"]
[Result "0-1"]
[WhiteElo "1446"]
[BlackElo "1660"]
[PlyCount "60"]
[EventDate "2016.04.03"]
[EventType "swiss"]
[EventRounds "9"]
[EventCountry "ESP"]
[Source "lmi"]
[SourceDate "2016.04.03"]

1. e4 e6 2. d4 d5 3. exd5 exd5 4. Bd3 Nc6 5. c3 Bd6 6. Ne2 Nf6 7. Bg5 O-O 8.
O-O Bxh2+ 9. Kh1 Bd6 10. Qc2 h6 11. Bh4 Qe7 12. Nd2 Bg4 13. f3 Bd7 14. Rfe1 g5
15. Bg3 Bxg3 16. Nxg3 Qd6 17. Nf5 Bxf5 18. Bxf5 Ne7 19. Bd3 Nh5 20. Qd1 Rae8
21. Nf1 Ng6 22. Kg1 Ng3 23. Kf2 Nxf1 24. Rxf1 Re6 25. Rh1 Nf4 26. Bf5 Re2+ 27.
Kf1 Rxg2 28. b4 Re8 29. Bd3 Re3 30. Bf5 Qa6+ 0-1

[Event "16. Torneo San Viator - Grupo B"]
[Site "Madrid ESP"]
[Date "2016.04.03"]
[Round "1.12"]
[White "Raya Rodriguez, Juan"]
[Black "Rojo Jorge, Angel"]
[Result "1-0"]
[WhiteElo "1649"]
[BlackElo "1439"]
[PlyCount "99"]
[EventDate "2016.04.03"]
[EventType "swiss"]
[EventRounds "9"]
[EventCountry "ESP"]
[Source "lmi"]
[SourceDate "2016.04.03"]

1. d4 Nf6 2. c4 c5 3. Nf3 d6 4. g3 b5 5. cxb5 a6 6. dxc5 Qa5+ 7. Bd2 Qxb5 8.
Qc2 Qxc5 9. Qxc5 dxc5 10. Bg2 Bb7 11. O-O g6 12. Nc3 Bg7 13. Rac1 Nbd7 14. Rfd1
O-O 15. Na4 Rfc8 16. Be3 c4 17. Nb6 Nxb6 18. Bxb6 Rc6 19. Rd8+ Rxd8 20. Bxd8
Nd5 21. Nd2 Rc8 22. Bxe7 Bxb2 23. Rxc4 Rxc4 24. Nxc4 Bg7 25. Bd6 Bc6 26. Nb6
Nxb6 27. Bxc6 Nc4 28. Bc5 Ne5 29. Bd5 Nd7 30. Bb4 Bf8 31. Ba5 Nc5 32. e4 Kg7
33. f4 f5 34. Bc3+ Kh6 35. e5 Be7 36. Bb4 Kg7 37. Bc4 Kf8 38. Kf1 Ke8 39. Bxc5
Bxc5 40. Bxa6 Kd8 41. a4 Kc7 42. Bb5 Kb6 43. Kg2 Kc7 44. Kf3 Kb6 45. h3 Kc7 46.
g4 Kb6 47. gxf5 gxf5 48. Bd3 Ka5 49. Bxf5 Kxa4 50. Bxh7 1-0

[Event "16. Torneo San Viator - Grupo B"]
[Site "Madrid ESP"]
[Date "2016.04.03"]
[Round "1.13"]
[White "Gallego Romero, Manuel"]
[Black "Arias Martinez, Ivan"]
[Result "0-1"]
[WhiteElo "1439"]
[BlackElo "1642"]
[PlyCount "86"]
[EventDate "2016.04.03"]
[EventType "swiss"]
[EventRounds "9"]
[EventCountry "ESP"]
[Source "lmi"]
[SourceDate "2016.04.03"]

1. e4 e6 2. d4 d5 3. Nc3 Bb4 4. e5 c5 5. Nf3 Nc6 6. Bb5 Bd7 7. Bxc6 Bxc6 8. O-O
Ne7 9. Ne2 cxd4 10. Nexd4 Qc7 11. c3 Bc5 12. Be3 Bb6 13. Bf4 Ng6 14. Bg3 a6 15.
Re1 Ba7 16. a3 Rc8 17. Nh4 Bb8 18. Nxg6 hxg6 19. Qg4 Bd7 20. Bf4 Qc4 21. Re3
Ba7 22. Rd1 Kd8 23. Qg5+ Kc7 24. Qe7 Bc5 25. Qxf7 Bxd4 26. Rxd4 Qa2 27. g3 g5
28. Bxg5 Qxb2 29. Qe7 Kb8 30. Qxd7 Rcf8 31. Bf4 Qc1+ 32. Kg2 Rxh2+ 33. Kf3 Rfh8
34. Red3 Qe1 35. Rd2 Rg2 36. Rb4 b5 37. Be3 Rhh2 38. Qa7+ Kc8 39. Qxa6+ Kd8 40.
Qb6+ Ke7 41. Rxb5 Rxf2+ 42. Rxf2 Rxf2+ 43. Bxf2 Qe4# 0-1

[Event "16. Torneo San Viator - Grupo B"]
[Site "Madrid ESP"]
[Date "2016.04.03"]
[Round "1.14"]
[White "Correas Aguilera, Eufemio"]
[Black "Espinosa Palacios, Victoriano"]
[Result "1-0"]
[WhiteElo "1639"]
[BlackElo "1436"]
[PlyCount "68"]
[EventDate "2016.04.03"]
[EventType "swiss"]
[EventRounds "9"]
[EventCountry "ESP"]
[Source "lmi"]
[SourceDate "2016.04.03"]

1. Nf3 Nf6 2. c4 d6 3. g3 g6 4. Bg2 Bg7 5. O-O O-O 6. Nc3 e5 7. d3 Nc6 8. Rb1
Be6 9. b4 h6 10. b5 Ne7 11. h3 Nd7 12. Be3 e4 13. Nxe4 Nf5 14. Qc1 Nxe3 15.
Qxe3 f5 16. Nxd6 Nc5 17. Nxb7 Nxb7 18. Qxe6+ Kh7 19. Nh4 Rf6 20. Qd5 Qxd5 21.
Bxd5 Rb8 22. Bxb7 Rxb7 23. Nf3 Re6 24. e3 Rb8 25. d4 Bf8 26. a4 Rd8 27. Rfd1
Rd7 28. d5 Re4 29. Rd4 Re8 30. Rc1 Bc5 31. Rd3 Re4 32. Nd2 Re5 33. Nb3 Bb4 34.
Nd4 Rd8 1-0

[Event "16. Torneo San Viator - Grupo B"]
[Site "Madrid ESP"]
[Date "2016.04.03"]
[Round "1.15"]
[White "Garcia Chica, Eva Maria"]
[Black "Algaba Traspuesto, Jose Antonio"]
[Result "1/2-1/2"]
[WhiteElo "1418"]
[BlackElo "1633"]
[PlyCount "50"]
[EventDate "2016.04.03"]
[EventType "swiss"]
[EventRounds "9"]
[EventCountry "ESP"]
[Source "lmi"]
[SourceDate "2016.04.03"]

1. c4 e6 2. g3 d5 3. cxd5 exd5 4. Bg2 c6 5. Nf3 Nf6 6. O-O Bd6 7. Nc3 O-O 8. d3
Bf5 9. Bg5 h6 10. Bxf6 Qxf6 11. e4 dxe4 12. dxe4 Bh7 13. Re1 Bc7 14. Qb3 b6 15.
e5 Qg6 16. e6 fxe6 17. Rxe6 Qf7 18. Rae1 Na6 19. Rxc6 Qxb3 20. axb3 Rad8 21. b4
Bb8 22. b5 Nb4 23. Rce6 Bf5 24. Re7 Nd3 25. R1e2 Nc1 1/2-1/2

[Event "16. Torneo San Viator - Grupo B"]
[Site "Madrid ESP"]
[Date "2016.04.03"]
[Round "1.16"]
[White "Fernandez Garcia, Emilio"]
[Black "Insua Rodriguez, Antonio"]
[Result "1/2-1/2"]
[WhiteElo "1624"]
[BlackElo "1406"]
[PlyCount "48"]
[EventDate "2016.04.03"]
[EventType "swiss"]
[EventRounds "9"]
[EventCountry "ESP"]
[Source "lmi"]
[SourceDate "2016.04.03"]

1. d4 d5 2. c4 e6 3. Nf3 Nf6 4. Bg5 Nbd7 5. Nc3 Be7 6. e3 O-O 7. Rc1 c6 8. Bd3
dxc4 9. Bxc4 Nd5 10. Bxe7 Qxe7 11. O-O Nxc3 12. Rxc3 e5 13. Re1 e4 14. Nd2 Nf6
15. h3 Be6 16. b3 Bxc4 17. bxc4 Rad8 18. Qc2 b6 19. Rb1 c5 20. d5 Rfe8 21. a4
Rd6 22. Rcb3 Nd7 23. a5 f5 24. Nf1 Qf6 1/2-1/2

[Event "16. Torneo San Viator - Grupo B"]
[Site "Madrid ESP"]
[Date "2016.04.03"]
[Round "1.17"]
[White "Di Pietro Moreno, Fatima"]
[Black "Mateos Cordero, Francisco"]
[Result "0-1"]
[WhiteElo "1403"]
[BlackElo "1623"]
[PlyCount "95"]
[EventDate "2016.04.03"]
[EventType "swiss"]
[EventRounds "9"]
[EventCountry "ESP"]
[Source "lmi"]
[SourceDate "2016.04.03"]

1. d4 d5 2. Bf4 Nf6 3. e3 g6 4. Nf3 Bg7 5. c4 O-O 6. Nc3 c6 7. Be2 Nbd7 8. h3
Qb6 9. Qb3 Qxb3 10. axb3 e6 11. b4 dxc4 12. Bxc4 Nd5 13. Nxd5 exd5 14. Bd3 Re8
15. O-O Nf8 16. Rfc1 f6 17. b5 Bd7 18. bxc6 Bxc6 19. Nd2 Ne6 20. Bg3 a5 21. Nb3
a4 22. Nc5 Nxc5 23. Rxc5 Bf8 24. Rcc1 Rec8 25. Ra2 b5 26. f4 Bb4 27. Be1 Bxe1
28. Rxe1 Bd7 29. Raa1 f5 30. Reb1 Rc7 31. Be2 b4 32. Bf3 Be6 33. Bd1 a3 34.
bxa3 bxa3 35. Rb3 Rca7 36. Kf1 Ra5 37. Rbb1 Bc8 38. Bb3 Ba6+ 39. Ke1 Bd3 40.
Rc1 Be4 41. g3 Rb5 42. Bc2 Rb2 43. Bxe4 fxe4 44. Rcb1 Rh2 45. h4 a2 46. Rd1
Rh1+ 47. Kd2 Rxd1+ 48. Rxd1 0-1

[Event "16. Torneo San Viator - Grupo B"]
[Site "Madrid ESP"]
[Date "2016.04.03"]
[Round "1.18"]
[White "Dominguez Afonso, Ayraldo"]
[Black "Fernandez Munoz, Jesus Norberto"]
[Result "1-0"]
[WhiteElo "1619"]
[BlackElo "1399"]
[PlyCount "63"]
[EventDate "2016.04.03"]
[EventType "swiss"]
[EventRounds "9"]
[EventCountry "ESP"]
[Source "lmi"]
[SourceDate "2016.04.03"]

1. e4 e5 2. Nf3 Nf6 3. Nc3 Nc6 4. Bc4 Be7 5. O-O O-O 6. Re1 a6 7. a3 d6 8. h3
Be6 9. Bf1 h6 10. d4 exd4 11. Nxd4 Nxd4 12. Qxd4 c5 13. Qd3 Nd7 14. f4 Nb6 15.
Nd5 Bh4 16. g3 Bf6 17. Nxf6+ Qxf6 18. Qxd6 Qd4+ 19. Qxd4 cxd4 20. b3 Rfe8 21.
Bb2 Rad8 22. Rad1 Bc8 23. Bxd4 Nd7 24. g4 Nf8 25. f5 Nh7 26. Bg2 h5 27. Bb6
Rxd1 28. Rxd1 hxg4 29. hxg4 Nf6 30. Bf3 Nd7 31. Bd4 Ne5 32. Bxe5 1-0

[Event "16. Torneo San Viator - Grupo B"]
[Site "Madrid ESP"]
[Date "2016.04.03"]
[Round "1.19"]
[White "Perez Perez, Marta"]
[Black "Llases Gonzalez, Luis"]
[Result "0-1"]
[WhiteElo "1388"]
[BlackElo "1614"]
[PlyCount "76"]
[EventDate "2016.04.03"]
[EventType "swiss"]
[EventRounds "9"]
[EventCountry "ESP"]
[Source "lmi"]
[SourceDate "2016.04.03"]

1. e4 e5 2. Nf3 Nc6 3. Bc4 Bc5 4. c3 Nf6 5. d3 d6 6. Bb3 Be6 7. Nbd2 Qe7 8. O-O
O-O-O 9. Bxe6+ fxe6 10. b4 Bb6 11. Nc4 d5 12. Ncxe5 dxe4 13. Nxc6 bxc6 14. Ne5
Rxd3 15. Nxd3 Rd8 16. Qb3 exd3 17. Qb2 Ne4 18. Bd2 Qf6 19. Be3 Bxe3 20. fxe3
Qxc3 21. Qxc3 Nxc3 22. a4 d2 23. Rfd1 Nxd1 24. Rxd1 Kb7 25. Kf2 c5 26. bxc5 Kc6
27. Ke2 Kxc5 28. Rxd2 Rxd2+ 29. Kxd2 Kc4 30. Kc2 Kb4 31. Kd3 c5 32. Kc2 Kxa4
33. Kc3 Kb5 34. Kb3 a5 35. e4 a4+ 36. Ka3 Kc4 37. Kb2 Kd3 38. Kc1 c4 0-1

[Event "16. Torneo San Viator - Grupo B"]
[Site "Madrid ESP"]
[Date "2016.04.03"]
[Round "1.20"]
[White "Arias Cusio, Oscar"]
[Black "Bermejo Jimenez, Adolfo"]
[Result "1-0"]
[WhiteElo "1611"]
[BlackElo "1387"]
[PlyCount "71"]
[EventDate "2016.04.03"]
[EventType "swiss"]
[EventRounds "9"]
[EventCountry "ESP"]
[Source "lmi"]
[SourceDate "2016.04.03"]

1. e4 e5 2. Nf3 Nc6 3. Bb5 d6 4. O-O Nf6 5. d4 Bd7 6. dxe5 Nxe5 7. Bxd7+ Nfxd7
8. Nc3 Be7 9. Nd4 g6 10. f4 c5 11. Ndb5 Nc6 12. Nxd6+ Bxd6 13. Qxd6 Qe7 14. Qd1
O-O-O 15. Qe1 Nd4 16. Qf2 Nf6 17. e5 Nd5 18. Nxd5 Rxd5 19. c3 Nf5 20. b4 Rhd8
21. g4 Ng7 22. Be3 b6 23. Rab1 Qd7 24. Qf3 c4 25. a4 Qxa4 26. b5 Qa3 27. Ra1
Qe7 28. Bxb6 axb6 29. Ra8+ Kb7 30. Rxd8 Qxd8 31. Rd1 Ka7 32. Qxd5 Qxd5 33. Rxd5
Ne6 34. Rd7+ Kb8 35. Rxf7 h6 36. Rf6 1-0

[Event "16. Torneo San Viator - Grupo B"]
[Site "Madrid ESP"]
[Date "2016.04.03"]
[Round "1.21"]
[White "Ramos Barbancho, Jose Manuel"]
[Black "Marquez Leon, Juan A"]
[Result "0-1"]
[WhiteElo "1381"]
[BlackElo "1588"]
[PlyCount "88"]
[EventDate "2016.04.03"]
[EventType "swiss"]
[EventRounds "9"]
[EventCountry "ESP"]
[Source "lmi"]
[SourceDate "2016.04.03"]

1. e4 c5 2. Nf3 Nc6 3. Bc4 d6 4. h3 g6 5. c3 Bg7 6. O-O Nf6 7. d3 O-O 8. Bg5
Na5 9. Nbd2 Nxc4 10. Nxc4 b5 11. Ncd2 Bb7 12. Qe2 a6 13. Rac1 Re8 14. d4 e5 15.
dxe5 dxe5 16. Rfd1 Qc7 17. a3 h6 18. Bh4 Nh5 19. Nf1 g5 20. Bg3 Nf4 21. Bxf4
exf4 22. N3d2 Re7 23. f3 Rae8 24. Qd3 c4 25. Qc2 Rd7 26. b3 cxb3 27. Nxb3 Rxd1
28. Rxd1 Qxc3 29. Qxc3 Bxc3 30. Rd7 Bc8 31. Rc7 Bb2 32. Rc6 Kg7 33. Nc5 Bxa3
34. Nxa6 Bxa6 35. Rxa6 Bc5+ 36. Kh1 Bf2 37. Ra2 Be1 38. Ra1 Bc3 39. Rb1 b4 40.
Nh2 h5 41. Kg1 Ra8 42. Nf1 Ra3 43. g4 h4 44. Kg2 b3 0-1

[Event "16. Torneo San Viator - Grupo B"]
[Site "Madrid ESP"]
[Date "2016.04.03"]
[Round "1.22"]
[White "Corral Sanchez, Jesus"]
[Black "Aranda Alcocer, Aurelio"]
[Result "1/2-1/2"]
[WhiteElo "1587"]
[BlackElo "1375"]
[PlyCount "46"]
[EventDate "2016.04.03"]
[EventType "swiss"]
[EventRounds "9"]
[EventCountry "ESP"]
[Source "lmi"]
[SourceDate "2016.04.03"]

1. d4 Nf6 2. Bf4 g6 3. h3 Bg7 4. e3 d6 5. Nf3 O-O 6. Be2 Nbd7 7. O-O b6 8. c4
Bb7 9. Nc3 Ne4 10. Nxe4 Bxe4 11. Nd2 Bb7 12. Rb1 e5 13. dxe5 Nxe5 14. Nf3 Nxf3+
15. Bxf3 Bxf3 16. Qxf3 Qd7 17. Rfd1 Qa4 18. b4 Qxa2 19. c5 Rfd8 20. cxd6 cxd6
21. Bxd6 Rac8 22. Be7 Rxd1+ 23. Rxd1 h5 1/2-1/2

[Event "16. Torneo San Viator - Grupo B"]
[Site "Madrid ESP"]
[Date "2016.04.03"]
[Round "1.23"]
[White "Martin Rodriguez, Jose Luis"]
[Black "Loncomilla Sanhueza, Ernesto"]
[Result "1-0"]
[WhiteElo "1353"]
[BlackElo "1587"]
[PlyCount "103"]
[EventDate "2016.04.03"]
[EventType "swiss"]
[EventRounds "9"]
[EventCountry "ESP"]
[Source "lmi"]
[SourceDate "2016.04.03"]

1. d4 Nf6 2. Nf3 e6 3. Bf4 d5 4. e3 c5 5. c3 Nc6 6. Nbd2 Bd6 7. Bg3 O-O 8. Bd3
Qc7 9. Qc2 c4 10. Be2 b5 11. a3 a5 12. e4 dxe4 13. Nxe4 Nxe4 14. Qxe4 h6 15.
Nh4 Bb7 16. Qc2 Ne7 17. Nf3 Ng6 18. O-O Bxg3 19. fxg3 Rfe8 20. Rae1 Re7 21. Bd1
Rd8 22. Ne5 Nxe5 23. Rxe5 Rd5 24. Rfe1 Rxe5 25. Rxe5 Qb6 26. Qf2 Bd5 27. Qe2
Qd6 28. Qg4 Rd7 29. Bf3 Qc6 30. Rh5 Kh7 31. Qf4 Bxf3 32. Qxf3 Qxf3 33. gxf3 f5
34. g4 g6 35. Rh4 g5 36. Rh3 f4 37. Rh5 Rd5 38. h4 Kg6 39. hxg5 Rxg5 40. Rxg5+
Kxg5 41. Kf1 Kh4 42. Kg2 Kg5 43. Kh3 Kf6 44. Kh4 Kg6 45. Kh3 Kf6 46. Kh4 Kg6
47. Kh3 h5 48. Kh4 hxg4 49. Kxg4 Kf6 50. Kxf4 a4 51. Ke4 Kg5 52. Ke5 1-0

[Event "16. Torneo San Viator - Grupo B"]
[Site "Madrid ESP"]
[Date "2016.04.03"]
[Round "1.24"]
[White "Lopez Martin, Israel"]
[Black "Del Rio Garay, Felipe"]
[Result "1/2-1/2"]
[WhiteElo "1583"]
[BlackElo "1339"]
[PlyCount "113"]
[EventDate "2016.04.03"]
[EventType "swiss"]
[EventRounds "9"]
[EventCountry "ESP"]
[Source "lmi"]
[SourceDate "2016.04.03"]

1. d4 e6 2. Nf3 d5 3. e3 Nf6 4. Bd3 Nc6 5. c3 Bd6 6. O-O O-O 7. Nbd2 e5 8. dxe5
Nxe5 9. Nxe5 Bxe5 10. Nf3 Qd6 11. h3 Ne4 12. Bxe4 dxe4 13. Nxe5 Qxe5 14. Qd4
Qxd4 15. exd4 Bf5 16. f3 exf3 17. Rxf3 g6 18. Bf4 c6 19. Re1 Rae8 20. Rfe3 Bd7
21. Bh6 Rxe3 22. Bxe3 Re8 23. Kf2 b5 24. Rd1 a6 25. d5 cxd5 26. Rxd5 Be6 27.
Rd6 Bc8 28. h4 Bb7 29. g3 a5 30. Rb6 Bd5 31. Rxb5 Bxa2 32. Rxa5 Be6 33. Re5 Rb8
34. b4 Rc8 35. Bd4 Ra8 36. b5 Bd7 37. b6 Bc6 38. Rc5 Rc8 39. Ra5 Ra8 40. Rxa8+
Bxa8 41. c4 Kf8 42. c5 Bc6 43. Ke3 Ke7 44. Kf4 f6 45. g4 Ke6 46. g5 f5 47. Kg3
Kd5 48. Be3 Ke4 49. Kf2 Kd5 50. Kf3 Ke5+ 51. Ke2 Ke4 52. Kd2 f4 53. Bf2 Kf3 54.
Ke1 Kg2 55. Ke2 f3+ 56. Ke3 Kf1 57. Bg3 1/2-1/2

[Event "16. Torneo San Viator - Grupo B"]
[Site "Madrid ESP"]
[Date "2016.04.03"]
[Round "1.25"]
[White "Rivera Rodriguez, Luis Fernando"]
[Black "Gortazar Rubial, Javier Maria"]
[Result "1-0"]
[WhiteElo "1329"]
[BlackElo "1582"]
[PlyCount "93"]
[EventDate "2016.04.03"]
[EventType "swiss"]
[EventRounds "9"]
[EventCountry "ESP"]
[Source "lmi"]
[SourceDate "2016.04.03"]

1. e4 e5 2. Nf3 Nc6 3. Bc4 Bc5 4. c3 Nf6 5. d4 exd4 6. cxd4 Bb4+ 7. Nc3 Nxe4 8.
O-O Bxc3 9. bxc3 d5 10. Qe2 O-O 11. Bd3 Re8 12. Re1 Bg4 13. h3 Bd7 14. Bxe4
Rxe4 15. Be3 Qf6 16. Nd2 Re6 17. Qf3 Qxf3 18. Nxf3 Rae8 19. Re2 Na5 20. Ng5
R6e7 21. Nf3 Nc4 22. Rae1 f5 23. g3 f4 24. gxf4 Bxh3 25. Kh2 Bf5 26. Ne5 Re6
27. f3 Nxe3 28. Rxe3 b6 29. Kg3 c5 30. a3 cxd4 31. cxd4 Rh6 32. Ng4 Rxe3 33.
Nxh6+ gxh6 34. Rxe3 Kf7 35. Kh4 b5 36. Kh5 a5 37. Kxh6 Bc2 38. Rc3 Bd1 39. Kxh7
b4 40. axb4 axb4 41. Rc7+ Ke6 42. Rb7 b3 43. Kg6 Kd6 44. f5 Bc2 45. Rxb3 Bxb3
46. f6 Bc2+ 47. Kg7 1-0